वेयर डू आई बिलांग (Record no. 1015925)
[ view plain ]
| 000 -LEADER | |
|---|---|
| fixed length control field | 01228nam a2200301Ia 4500 |
| 003 - CONTROL NUMBER IDENTIFIER | |
| control field | OSt |
| 005 - DATE AND TIME OF LATEST TRANSACTION | |
| control field | 20221005105452.0 |
| 008 - FIXED-LENGTH DATA ELEMENTS--GENERAL INFORMATION | |
| fixed length control field | 221004b |||||||| |||| 00| 0 hin d |
| 020 ## - INTERNATIONAL STANDARD BOOK NUMBER | |
| International Standard Book Number | 9789326352161 (hbk) |
| 037 ## - SOURCE OF ACQUISITION | |
| Terms of availability | Textual |
| 040 ## - CATALOGING SOURCE | |
| Original cataloging agency | CRL |
| Transcribing agency | CRL |
| Language of cataloging | hin |
| 041 ## - LANGUAGE CODE | |
| Source of code | hin |
| Language code of text/sound track or separate title | hin |
| 100 ## - MAIN ENTRY--PERSONAL NAME | |
| Personal name | पैन्यूली, अर्चना |
| 245 #0 - TITLE STATEMENT | |
| Title | वेयर डू आई बिलांग |
| Remainder of title | मेरा घर कहॉं है |
| 246 ## - VARYING FORM OF TITLE | |
| Title proper/short title | Veyar ḍū āī bilāanga: merā ghar kahaॉan hai |
| 250 ## - EDITION STATEMENT | |
| Edition statement | संस्करण 2 |
| 260 ## - PUBLICATION, DISTRIBUTION, ETC. | |
| Place of publication, distribution, etc. | नई दिल्ली |
| Name of publisher, distributor, etc. | भारतीय ज्ञानपीठ भारत |
| Date of publication, distribution, etc. | 2013 |
| 300 ## - PHYSICAL DESCRIPTION | |
| Extent | 394पृ0 |
| Dimensions | cm. |
| 490 ## - SERIES STATEMENT | |
| Series statement | लोकोदय ग्रन्थमाला; ग्रन्थांक 1025 |
| 650 ## - SUBJECT ADDED ENTRY--TOPICAL TERM | |
| Topical term or geographic name entry element | हिन्दी साहित्य |
| 650 ## - SUBJECT ADDED ENTRY--TOPICAL TERM | |
| Topical term or geographic name entry element | हिन्दी कहानी |
| 942 ## - ADDED ENTRY ELEMENTS (KOHA) | |
| Classification part | O152,3N63,WD, Q3 |
| Koha item type | Textual |
| Source of classification or shelving scheme | |
| Withdrawn status | Lost status | Damaged status | Not for loan | Home library | Current library | Date acquired | Source of acquisition | Total Checkouts | Full call number | Barcode | Date last seen | Price effective from | Koha item type |
|---|---|---|---|---|---|---|---|---|---|---|---|---|---|
| Central Library | Central Library | 2022-10-05 | 1514, 26/02/2018, Bright Book Service | O152,3N63,WD Q3 | CL1642095 | 2022-10-05 | 2022-10-05 | Textual |
